Estadísticas para Países por fronteras #3

Haz click aquí para intentar la prueba.

Estadísticas generales

  • Esta prueba ha sido intentada 110 veces
  • La puntuación promedio es 17 de 20

Estadísticas de respuestas

fronteras terrestrespaís% Correcto
ItaliaCiudad del Vaticano
100%
China, RusiaMongolia
100%
Brasil, Argentina, BoliviaParaguay
99%
ItaliaSan Marino
98%
Mauritania, España, ArgeliaMarruecos
95%
Rusia, Finlandia, SueciaNoruega
94%
Guyana, Brasil, FranciaSurinam
94%
Honduras, GuatemalaEl Salvador
93%
China, IndiaNepal
93%
Rumania, UcraniaMoldavia
88%
Sudán, Djibouti, EtiopíaEritrea
87%
China, IndiaBután
85%
Sudáfrica, MozambiqueSuazilandia
85%
Italia, Austria, Hungría, CroaciaEslovenia
84%
Arabia Saudita, OmánYemen
84%
Arabia Saudita, OmánEmiratos Árabes Unidos
78%
IndonesiaTimor-Leste
76%
Camerún, GabónGuinea Ecuatorial
71%
Zambia, Tanzania, MozambiqueMalaui
70%
IndonesiaPapua Nueva Guinea
70%

Distribución de puntuación

Porcentaje por número respondido

Porcentaje de gente con cada puntuación

Historial de tus puntuaciones

No has intentado esta prueba.